| 000 | 00918nam a22002417a 4500 | ||
|---|---|---|---|
| 999 |
_c19643 _d19643 |
||
| 003 | AR-CdUCM | ||
| 008 | 190518b ||||| |||| 00| 0 spa d | ||
| 040 |
_aMUNICIPALIDAD PROVINCIAL DEL CUSCO _cBIBLIOTECA MUNICIPAL DEL CUSCO |
||
| 041 | _heng | ||
| 082 |
_a301 / _bM58 |
||
| 100 |
_aMills, C. Wright _91996 |
||
| 245 | _aLa imaginación sociológica / | ||
| 260 |
_aMéxico, D.F : _bFondo de Cultura Económica, _c1961. |
||
| 300 |
_a236 páginas ; _c22 cm. |
||
| 505 | _aContenido: La promesa -- La gran teoría -- Empirismo abstracto -- Tipos de practicidad -- El "ethos" burocrático -- Filosofía de la ciencia -- La diversidad humana ... | ||
| 650 |
_aSociología _9276 |
||
| 650 |
_aCiencias sociales _91096 |
||
| 650 |
_aLa imaginación _941099 |
||
| 700 |
_aTorner, Florentino M. (traducción) _94568 |
||
| 700 |
_aGermani, Gino (prólogo) _941100 |
||
| 942 |
_2ddc _cLIBROS |
||
| 945 |
_aachl _d2019-05-18 |
||